000 00918nam a2200253 i 4500
001 125101
003 ES-MaACL
005 20230906192543.0
007 t|
008 070503s1933 sp ||||1| spa d
080 _a830-22"19"
100 1 _aMori, Arturo.
_983539
245 1 0 _aGrand Hotel
_b: comedia alemana, en tres actos de Vicky Baum /
_cArturo Mori ; dibujos de Pradillo.
260 _aMadrid :
_bRivadeneyra,
_c1932.
300 _a78 p. :
_bil. ;
_c17 cm.
490 1 _aLa Farsa ;
_v268
500 _aEstrenada el dia 24 de septiembre de 1932 en el Teatro Cervantes, de Madrid por la Compañia Caralt.
500 _aCubierta de este número: Raimunda de Gaspar y Ramón Elías en una escena de Grand Hotel.
700 1 _aBaum, Vicki.
_926577
700 1 _aPradillo
_c, ilustrador.
_993601
830 0 _aLa Farsa ;
_v268
_9185863
852 _aES-MaACL
_j2229-F-12
_bR.140845
999 _c125101
_d125101